Carregando...

Colonial discourse / postcolonial theory

Detalhes bibliográficos
Principais autores: Barker Francis, Hulme Peter, Iversen Margaret
Formato: Printed Book
Idioma:English
Publicado em: Manchester : Manchester University Press,
coleção:1994
Assuntos:
LEADER 009310000a22003010004500
005 20200217203024.0
060 |a 100 
245 |a Colonial discourse / postcolonial theory 
260 |a Manchester :  |b Manchester University Press, 
440 |a 1994 
300 |a 288 
100 |a Barker  |b Francis  |f Editor 
100 |a Hulme  |b Peter  |f Editor 
100 |a Iversen  |b Margaret  |f Editor 
650 |a Literature, modern - History and criticism 
650 |a Colonies in literature 
650 |a Developing countries in literature 
650 |a Imperialism in literature 
650 |a Literature and history 
650 |a Postcolonialism 
041 |a eng 
050 |a 010 
022 |a 11455  |c AV 
022 |a 11557  |c AV 
082 |a 809.91132  |d BAR 
942 |c BK 
999 |c 271953  |d 271953 
952 |0 0  |1 0  |4 0  |6 809_911320000000000_BARTB  |7 0  |9 289046  |a ENG  |b ENG  |d 2019-10-17  |l 0  |o 809.91132 BAR(TB)  |p ENG11455  |r 2019-10-17  |w 2020-02-17  |y REF